| 000 | 00480nam a2200169Ia 4500 | ||
|---|---|---|---|
| 008 | 230714s9999 xx 000 0 und d | ||
| 020 | _a9790000000000 | ||
| 041 | _aeng | ||
| 082 |
_a005.74 _bDAS |
||
| 100 |
_aDas N.C. _9201924 |
||
| 245 |
_aData Science For Professionals _bExperimental Designs With Least Resources |
||
| 260 |
_c2019 _bSPD |
||
| 300 | _a530 | ||
| 365 |
_cRs. _b1300.00 |
||
| 700 |
_aDas N.C. _9201924 |
||
| 906 |
_dO:0686714-Jan-2020B:10530-Dec-2019 _cBIT _b650 |
||
| 999 |
_c226405 _d226405 |
||